Представление документа в формате RUSMARC

ПолеНазваниеЗначение
  Тип записи a
  Библиографический уровень a
001 Контрольный номер RU/CBS_UL/BASE/17f26a420be04b0c86254fca4e0227a9
005 Дата корректировки 20240714170444.7
100 Данные общей обработки __
a Данные общей обработки 20240714 ||| 0rusy0189 ca
101 Язык документа 0_
a Язык текста rus
102 Страна публикации __
a Страна публикации RU
200 Заглавие и сведения об ответственности 1_
a Заглавие Действующие лица. И исполнители
e Сведения, относящиеся к заглавию [о театре У. Шекспира]
f Первые сведения об ответственности К. Васильева
300 Общие примечания __
a Общие примечания 6+
461 Уровень набора _0
1 2000
a Эскиз
463 Уровень физической единицы _0
1 2000
a № 7
v С. 10-19 : фот., ил.
1 2101
d 2024
1 001RU/CBS_UL/BASE/a227c5361e544e02a1c8005cc8112194
600 Персоналии _1
a Персоналии (Фамилия) Шекспир
b Персоналии (Имя, инициалы) У.
600 Персоналии _1
a Персоналии (Фамилия) Дзеффирелли
b Персоналии (Имя, инициалы) Ф.
600 Персоналии _1
a Персоналии (Фамилия) Верди
b Персоналии (Имя, инициалы) Д.
606 Тематические рубрики 0_
a Основная рубрика Шекспир, Уильям (1564-1616) - Театр
610 Ключевые слова 0_
a Ключевые слова драматурги
610 Ключевые слова 0_
a Ключевые слова драматурги английские
610 Ключевые слова 0_
a Ключевые слова театр
610 Ключевые слова 0_
a Ключевые слова театр У. Шекспира
610 Ключевые слова 0_
a Ключевые слова комедии У. Шекспира на сцене
610 Ключевые слова 0_
a Ключевые слова Укрощение строптивой (комедии)
610 Ключевые слова 0_
a Ключевые слова Ромео и Джульетта (фильмы)
610 Ключевые слова 0_
a Ключевые слова Гамлет (литературные герои)
610 Ключевые слова 0_
a Ключевые слова Отелло (оперы)
686 Индексы других классификаций __
2 Код системы rubbk
a Классификационный индекс 83.3(4Вел)
700 Автор _1
a Фамилия Васильева
b Имя (инициалы) К.
801 Источник записи _0
a Страна RU
b Организация МБУК ЦБС г. Ульяновска
c Дата составления 20240714
g Правила каталогизации RCR
801 Источник записи _1
a Страна RU
b Организация МБУК ЦБС г. Ульяновска
c Дата составления 20240714
g Правила каталогизации RCR
901 Тип документа __
t Тип документа b
w Контрольный № источника RU/CBS_UL/BASE/a227c5361e544e02a1c8005cc8112194
909 Создатель записи __
a Создатель записи lib1